00507nam a2200133Ia 4500008004100000100002100041245007900062245008200141260005300223260000900276300001200285650001500297856006100312170221s9999 xx 000 0 und d aVera P. Samarina aSome Problems of Anti-recessionary Public Management in Russia at Present  cVera P. Samarina, Tatiana P. Skufina, Aleksandr V. Samarin, Sergey V. Baranov bInternational Review of Management and Marketing c2016 a15 : 14 xMarketing. uhttp://www.econjournals.com/index.php/irmm/issue/view/86